Lógica del juicio jurídico

Saved in:
Bibliografiske detaljer
Hovedforfatter: García Máynez, Eduardo (Author)
Format: Bog
Sprog:spansk
Udgivet: Ciudad de México Fondo de Cultura Económica 1955
Serier:Dianoia, Anuario de Filosofía
Fag:
Tags: Tilføj Tag
Ingen Tags, Vær først til at tagge denne postø!

MARC

LEADER 00000nam a2200000 a 4500
001 UCL2927
003 CL-VaPUC
008 031107e19550000MX |||||||||||||||||spa|d
082 0 4 |a 340.1  |b GAR  |2 21 
100 |a García Máynez, Eduardo  |e author  |9 621951 
245 1 0 |a Lógica del juicio jurídico 
300 |a 197 p 
942 |c BK 
945 |d 20031107 00:00:00  |a cmena 
260 |a Ciudad de México  |b Fondo de Cultura Económica  |c 1955 
650 0 |a Filosofía del derecho   |9 255050 
650 0 |a Lógica jurídica   |9 255966 
650 0 |a Normas jurídicas  |9 258310 
583 |a last modification  |c 20031107 00:00:00  |k Rodrigo Vera 
490 0 |a Dianoia, Anuario de Filosofía 
999 |c 306093  |d 306091 
952 |0 0  |1 0  |4 0  |6 340_100000000000000_GAR_1955  |7 0  |8 A  |9 370811  |a BIBDER  |b BIBDER  |d 2019-11-21  |i 3922685  |o 340.1 GAR 1955  |p 3922685  |r 2023-01-25  |w 2019-11-21  |y BK  |k DER